Las cajas rurales de préstamos (Record no. 48699)

MARC details
000 -LEADER
campo de control de longitud fija 00807nam a22002055i 4500
001 - NÚMERO DE CONTROL
campo de control 48699
003 - IDENTIFICADOR DE NÚMERO DE CONTROL
campo de control ES-MaACL
005 - FECHA Y HORA DE LA ÚLTIMA TRANSACCIÓN
campo de control 20250218063122.0
007 - CAMPO FIJO DE DESCRIPCIÓN FÍSICA--INFORMACIÓN GENERAL
campo de control de longitud fija t|
008 - DATOS DE LONGITUD FIJA--INFORMACIÓN GENERAL
campo de control de longitud fija 941011s1894 sp ||||1| spa d
040 ## - FUENTE DE CATALOGACIÓN
Centro catalogador/agencia de origen GA
Lengua de catalogación spa
100 0# - ENTRADA PRINCIPAL--NOMBRE DE PERSONA
Nombre de persona Díaz de Rábago, Joaquín
9 (RLIN) 44248
245 14 - MENCIÓN DEL TÍTULO
Título Las cajas rurales de préstamos
Resto del título : sistemas Raifféisen /
Mención de responsabilidad, etc. por D. Joaquín Díaz de Rábago.
260 ## - PUBLICACIÓN, DISTRIBUCIÓN, ETC.
Lugar de publicación, distribución, etc. Madrid :
Nombre del editor, distribuidor, etc. Librería de Fernando Fé ;
Lugar de publicación, distribución, etc. Santiago :
Nombre del editor, distribuidor, etc. Librería de Josefa Escribano,
Fecha de publicación, distribución, etc. 1894 (
Lugar de fabricación/manufactura Santiago :
Fabricante Imprenta de José M. Paredes)
300 ## - DESCRIPCIÓN FÍSICA
Extensión 58 p. ;
Dimensiones 27 cm.
594 ## - Nota al título y mención de responsabilidad
Nota al título y mención de responsabilidad Precede al tít.: Crédito Agrícola.
650 #4 - PUNTO DE ACCESO ADICIONAL DE MATERIA--TÉRMINO DE MATERIA
Término de materia o nombre geográfico como elemento de entrada Crédito agrícola-
Subdivisión geográfica España.
9 (RLIN) 135837
852 ## - LOCALIZACIÓN
Ubicación ES-MaACL
Número de control de estantería T-822-F-10
Nota libre .- Enc. en un vol. facticio conservando la enc. original
Holdings
Estatus retirado Estado de pérdida Estado de daño No para préstamo Colección Biblioteca de origen Biblioteca actual Ubicación en estantería Fecha de adquisición Fuente de adquisición Total de préstamos Signatura topográfica completa Código de barras Visto por última vez Precio de reemplazo Tipo de ítem Koha
        Colección de folletos Biblioteca del Ateneo de Madrid Biblioteca del Ateneo de Madrid Depósito folletos 17/01/2008     T-822-F-10 1051248 23/02/2023 23/02/2023 Folleto